Meranie investičnej atraktívnosti krajín

Faktory determinujúce PZI a ich rozdelenie do dvoch skupín. Skupina skúmajúca ako externé faktory ovplyňujú rozhodnutia firiem a skupina skúmajúca charakteristiky hostiteľskej krajiny a jej investičnej atraktívnosti.

Saved in:
Bibliographic Details
Main Author: Ondrejkovič, Dávid
Format: Book Chapter
Language:Slovak
Subjects:
Tags: Add Tag
No Tags, Be the first to tag this record!

MARC

LEADER 00000nla a2200000 4500
001 0181024
005 20240502083426.3
041 0 |a slo 
044 |a CZ 
245 1 0 |a Meranie investičnej atraktívnosti krajín  |c Dávid Ondrejkovič 
520 |a Faktory determinujúce PZI a ich rozdelenie do dvoch skupín. Skupina skúmajúca ako externé faktory ovplyňujú rozhodnutia firiem a skupina skúmajúca charakteristiky hostiteľskej krajiny a jej investičnej atraktívnosti. 
610 2 0 |a investície priame zahraničné 
610 2 0 |a politika investičná 
610 2 0 |a kapitál zahraničný 
610 2 0 |a pohyb kapitálu 
610 2 0 |a trh spoločný 
610 2 0 |a modely 
100 1 |a Ondrejkovič, Dávid